30 Countries With Lots of Kids Quiz Stats

 Plays Quiz Updated Jul 18, 2014

Support Sporcle.
Go Orange.
Score 0/30 Timer 05:00
10 Plays Today
Child Population Country % Correct
84,062,000China
98.3%
20,957,000United States of America
96.7%
126,808,000India
96.1%
18,110,000Brazil
91.6%
7,302,000Russia
90.9%
10,342,000Mexico
89.6%
5,549,000Japan
84.1%
5,235,000South Africa
79.9%
8,719,000Egypt
78%
19,333,000Pakistan
77.2%
24,823,000Nigeria
77%
21,630,000Indonesia
77%
6,472,000Iran
74.5%
3,828,000France
73%
4,217,000Iraq
67.6%
Child Population Country % Correct
8,109,000Vietnam
65.5%
6,646,000Turkey
64.5%
4,518,000Thailand
63.5%
6,359,000Kenya
62.9%
13,651,000Ethiopia
62.2%
18,900,000Bangladesh
62.2%
5,528,000Sudan
60%
12,268,000Democratic Republic of Congo
59.5%
11,095,000Philippines
56.6%
4,388,000Colombia
56.5%
5,002,000Afghanistan
55.9%
7,050,000Tanzania
43.4%
4,132,000Myanmar
42.7%
6,028,000Uganda
39.1%
3,740,000Yemen
23.8%

You're not logged in!

Compare scores with friends on all Sporcle quizzes.
OR
Log In

From the Vault

World Currency Picker

by ztibugb

If you don't buy us some dinar, it's going to get rial.
Remove Ads.
Support Sporcle.
Get the best of Sporcle when you Go Orange. This ad-free experience offers more features, more stats, and more fun while also helping to support Sporcle. Thank you for becoming a member.

Show Comments

Extras

Top Quizzes Today


Score Distribution

Your Account Isn't Verified!

In order to create a playlist on Sporcle, you need to verify the email address you used during registration. Go to your Sporcle Settings to finish the process.

Report this User

Report this user for behavior that violates our Community Guidelines.

Details: